000 00994nam a2200289 i 4500
003 EG-GICUC
005 20260302100504.0
008 260302b2002 au ||||fr|||| 00| 0 eng d
040 _aEG-GiCUC
_beng
_cEG-GiCUC
_dEG-GiCUC
_erda
082 0 4 _221
_a341.84
092 0 4 _221
099 _aLaw 12 2002
100 1 _aElghatit, Aly Hamed M.
245 1 0 _aSelected Readings, commentaries, materials and cases for lectures on conflict of laws & international jurisdictions /
_cby Aly Hamed M. Elghatit.
264 _aCairo :
_bLimited Copies,
_c2002.
300 _ac, 248 pages :
_c30 cm
_billustrations,
336 _2rda content
_atext
337 _2rda media
_aComputer
338 _2rda carrier
_aOnline Resource
504 _aBibliography: pages 200-250.
650 0 _aConflict of laws.
_2qrmak
650 0 _aJurisdiction (International law)
_2qrmak
651 1 _2qrmak
856 4 0 _uhttps://fll.law.cu.edu.eg/fulltext/bks/ENGB12-00052.pdf
905 _a10
942 _2ddc
_cBK
_e21
_n0
999 _c64566
_d64566